000
00330cam a2200133 4500
008
040406n2005 000 0 eng u
020
_a
1842191985
035
_a
(Sirsi) u126952
245
_a
Isurv planning
260
_b
RICS
_c
2005
490
_a
RICS Isurv.co.uk Series
520
_a
Due for publication May 2005
942
_n
0
999
_c
103690
_d
103690